Globalizácia a kandidátske krajiny
Základné charakteristické črty globalizácie. Vplyv globalizácie na členské štáty Európskej únie. Pozitíva a negatíva.
Salvato in:
| Autore principale: | |
|---|---|
| Natura: | Capitolo di libro |
| Lingua: | slovacco |
| Soggetti: | |
| Tags: |
Nessun Tag, puoi essere il primo ad aggiungerne!!
|
MARC
| LEADER | 00000naa a2200000 4500 | ||
|---|---|---|---|
| 001 | r044813 | ||
| 005 | 20230808083047.5 | ||
| 041 | 0 | |a slo | |
| 044 | |a SK | ||
| 245 | 1 | 0 | |a Globalizácia a kandidátske krajiny |c Peter Staněk |
| 520 | |a Základné charakteristické črty globalizácie. Vplyv globalizácie na členské štáty Európskej únie. Pozitíva a negatíva. | ||
| 610 | 2 | 0 | |a spolupráca hospodárska medzinárodná |
| 610 | 2 | 0 | |a Európska únia |
| 610 | 2 | 0 | |a globalizácia hospodárstva |
| 610 | 2 | 0 | |a spoločnosti nadnárodné |
| 610 | 2 | 0 | |a hospodárstvo svetové |
| 610 | 2 | 0 | |a koncentrácia |
| 100 | 1 | |a Staněk, Peter | |